| 000 | 00512nam a2200217Ia 4500 | ||
|---|---|---|---|
| 003 | 0100 | ||
| 008 | 130303s9999 xx 000 0 und d | ||
| 040 | _cARRUPELIB | ||
| 050 | _aB2430.M253H63 1951 | ||
| 100 | _aMarcel, Gabriel | ||
| 245 | _aHomo, Viator | ||
| 245 | _bintroduction to a metaphysic of hope | ||
| 260 | _aChicago | ||
| 260 | _bHenry Regnery Company | ||
| 260 | _C1951 | ||
| 300 | _a270p. | ||
| 300 | _b 20cm. | ||
| 650 | _bAristotle | ||
| 700 | _aCraufurd, Emma (tr.) | ||
| 942 | 0 | 0 | _01 |
| 999 |
_c55518 _d55518 |
||